000 00386nam a22001577a 4500
020 _a81-8283-014-1
082 _a363.73
_bSHA/A
100 _aSHARMA, B.K
245 _aAIR POLLUTION
_bSOCIAL SCIENCE
246 _aAIR POLLUTION
_bSOCIAL SCIENCE
260 _aMEERUT
_bGOEL PUBLISHING HOUSE
_c1994
300 _a380
520 _aSOCIAL SCIENCE
650 _aSOCIAL SCIENCE
942 _cBK
999 _c1499
_d1499